Fitopatología / (Record no. 200713)
[ view plain ]
| 000 -CABECERA | |
|---|---|
| campo de control de longitud fija | 02786nam a2200325Ia 4500 |
| 001 - NÚMERO DE CONTROL | |
| campo de control | Para_2080 |
| 003 - IDENTIFICADOR DEL NÚMERO DE CONTROL | |
| campo de control | CHAP |
| 005 - FECHA Y HORA DE LA ÚLTIMA TRANSACCIÓN | |
| campo de control | 20250806141522.0 |
| 007 - CAMPO FIJO DE DESCRIPCIÓN FÍSICA--INFORMACIÓN GENERAL | |
| campo de control de longitud fija | ta |
| 008 - DATOS DE LONGITUD FIJA--INFORMACIÓN GENERAL | |
| campo de control de longitud fija | 220125s1985 mx ado fr 001 0 spa d |
| 010 ## - NÚMERO DE CONTROL DE LA BIBLIOTECA DEL CONGRESO | |
| Número de control de LC | 200713 |
| 020 ## - NÚMERO INTERNACIONAL ESTÁNDAR DEL LIBRO | |
| Número Internacional Estándar del Libro | 968-18-1466-5 |
| 040 ## - FUENTE DE LA CATALOGACIÓN | |
| Centro/agencia transcriptor | CHAP |
| Centro catalogador/agencia de origen | mxchpua |
| 050 10 - SIGNATURA TOPOGRÁFICA DE LA BIBLIOTECA DEL CONGRESO | |
| Número de clasificación | SB731 |
| Número de documento/Ítem | .A37 1985 |
| 082 00 - NÚMERO DE LA CLASIFICACIÓN DECIMAL DEWEY | |
| Número de clasificación | PA 632 |
| Número de documento/Ítem | A37y 1985 |
| Número de edición | 20 |
| 100 1# - ENTRADA PRINCIPAL--NOMBRE DE PERSONA | |
| Nombre de persona | Agrios, George N. |
| 9 (RLIN) | 2140 |
| Término indicativo de función/relación | autor |
| 240 10 - TÍTULO UNIFORME | |
| Título uniforme | Plant pathology / |
| Lenguaje de la obra | Español |
| Versión | 2a edition |
| 245 10 - MENCIÓN DE TÍTULO | |
| Título | Fitopatología / |
| Mención de responsabilidad, etc. | George N. Agrios ; traductor Manuel Guzmán Ortíz |
| 250 ## - MENCIÓN DE EDICIÓN | |
| Mención de edición | 1a edición |
| 264 ## - PRODUCCIÓN, PUBLICACIÓN, DISTRIBUCIÓN, FABRICACIÓN Y COPYRIGHT | |
| Producción, publicación, distribución, fabricación y copyright | México : |
| Nombre del de productor, editor, distribuidor, fabricante | Limusa, |
| Fecha de producción, publicación, distribución, fabricación o copyright | 1985 |
| 300 ## - DESCRIPCIÓN FÍSICA | |
| Extensión | 756 páginas : |
| Otras características físicas | ilustraciones, gráficas, diagramas, tablas, fotografías |
| 504 ## - NOTA DE BIBLIOGRAFÍA, ETC. | |
| Nota de bibliografía, etc. | Incluye bibliografías |
| 520 2# - SUMARIO, ETC. | |
| Sumario, etc. | A través de la historia, uno de los azotes que ha sufrido la humanidad es la pérdida de productos agrícolas debida a enfermedades de las plantas causadas por diferentes patógenos y factores ambientales. Gracias a la formación de científicos y técnicos especializados en Fitopatología y disciplinas afines, la humanidad está logrando enfrentar ese problema. El presente libro proporciona información básica y esencial acerca del origen de las enfermedades de las plantas, su diagnóstico y las alternativas más recientes con que se cuenta para combatirlas. Esta segunda edición, que ha sido acusiosamente revisada, presenta información nueva muy importante, como Epifitiología y la aplicación de la biotecnología a la Fitopatología. Contenidos: Primera parte: Aspectos generales.- Introducción a la fitopatología.- Parasitismo y desarrollo de las enfermedades.- Cómo atacan los patógenos a las plantas.- Efectos de los patógenos sobre la fisiología de las plantas.- Cómo se defienden las plantas de los patógenos.- Genética de las enfermedades de las plantas.- Efecto del ambiente en la producción de las enfermedades infecciosas.- Epifitología.- Control de las enfermedades de las plantas.- Segunda parte: Enfermedades específicas de las plantas.- Factores ambientales que causan enfermedades en las plantas.- Enfermedades de las plantas causadas por hongos.- Enfermedades de las plantas causadas por procariontes.- Enfermedades de las plantas ocasionadas por plantas superiores parásitas.- Enfermedades de las plantas causadas por virus.- Enfermedades de las plantas causadas por nematodos.- Enfermedades de las plantas causadas por protozoarios flagelados.- Tercera parte: Biotecnología y fitopatología.- Aplicaciones de la biotecnología a la fitopatología. |
| 650 13 - PUNTO DE ACCESO ADICIONAL DE MATERIA--TÉRMINO DE MATERIA | |
| Término de materia o nombre geográfico como elemento de entrada | Fitopatología |
| 9 (RLIN) | 41161 |
| 700 ## - PUNTO DE ACCESO ADICIONAL--NOMBRE DE PERSONA | |
| Nombre de persona | Guzmán Ortiz, Manuel |
| Término indicativo de función/relación | tr. |
| 9 (RLIN) | 141254 |
| 942 ## - ELEMENTOS DE PUNTO DE ACCESO ADICIONAL (KOHA) | |
| Tipo de ítem Koha | Parasitologia_ |
| Fuente del sistema de clasificación o colocación | Dewey Decimal Classification |
| 901 ## - ELEMENTOS DE DATOS A LOCAL LDA (RLIN) | |
| a | PA 632 A37Y 1985 |
| 902 ## - ELEMENTOS DE DATOS B LOCAL, LDB (RLIN) | |
| a | M |
| 905 ## - ELEMENTOS DE DATOS E LOCAL, LDE (RLIN) | |
| a | 0000001991 1985 a 0000000000 00 |
| Estado de retiro | Estado de pérdida | Fuente del sistema de clasificación o colocación | Estado dañado | Restricciones de uso | No para préstamo | Código de colección | Localización permanente | Ubicación/localización actual | Fecha de adquisición | Número de inventario | Total de préstamos | Signatura topográfica completa | Código de barras | Fecha visto por última vez | Fecha del último préstamo | Número de copia | Precio válido a partir de | Tipo de ítem Koha | Nota pública | Renovaciones totales | Fuente de adquisición |
|---|---|---|---|---|---|---|---|---|---|---|---|---|---|---|---|---|---|---|---|---|---|
| Dewey Decimal Classification | Préstamo interno | General | Ingenieria Agroindustrial | Ingenieria Agroindustrial | 23/11/2021 | Donación | 632 A37 1985 | 1102014805 | 25/05/2023 | Ej. 1 | 25/05/2023 | Libro | Donación | ||||||||
| Dewey Decimal Classification | Préstamo 3 días | General | Parasitologia Agricola | Parasitologia Agricola | 27/10/2005 | (PA_5510) (No. UACh C/E) | 2 | PA 632 A37y 1978 | 4102001684 | 07/11/2024 | 07/11/2024 | Ej.3 | 25/01/2022 | Libro | 3 | ||||||
| Dewey Decimal Classification | Préstamo interno | General | Parasitologia Agricola | Parasitologia Agricola | 27/10/2005 | (PA_7789) (No. UACh C/E) | PA 632 A37y 1978 | 4102001682 | 25/01/2022 | Ej.1 | 25/01/2022 | Libro | 3 | ||||||||
| Dewey Decimal Classification | Préstamo 3 días | General | Parasitologia Agricola | Parasitologia Agricola | 27/10/2005 | (PA_5509) (No. UACh C/E) | 3 | PA 632 A37y 1978 | 4102001683 | 17/06/2025 | 10/06/2025 | Ej.2 | 25/01/2022 | Libro | 3 | 2 |
